Gargantúa y Pantagruel / (Record no. 25845)

MARC details
000 -CABECERA
campo de control de longitud fija 00607nam a2200217 a 4500
005 - FECHA Y HORA DE LA ÚLTIMA TRANSACCIÓN
campo de control 20220615063446.0
008 - ELEMENTOS DE LONGITUD FIJA--INFORMACIÓN GENERAL
campo de control de longitud fija 991125s1985 mx 000 0 spa u
020 ## - NÚMERO INTERNACIONAL NORMALIZADO PARA LIBROS
Número Internacional Estándar del Libro 9684327064
035 ## - NÚMERO DE CONTROL DEL SISTEMA
Número de control de sistema UPN01000025845
049 ## - COLECCIÓN
Colección CG
050 #4 - SIGNATURA TOPOGRÁFICA DE LA BIBLIOTECA DEL CONGRESO
Número de clasificación PQ1682
Número de documento/Ítem B8.6 1985
100 1# - ASIENTO PRINCIPAL--NOMBRE PERSONAL
Nombre de persona Rabelais, Francois,
Fechas asociadas al nombre ca.1494-1553
9 (RLIN) 42187
245 10 - MENCIÓN DE TÍTULO
Título Gargantúa y Pantagruel /
Mención de responsabilidad, etc. Francis Rabelais.
250 ## - MENCIÓN DE EDICIÓN
Mención de edición 2a ed.
260 ## - PUBLICACIÓN, DISTRIBUCIÓN, ETC.
Lugar de publicación, distribución, etc. México :
Nombre del editor, distribuidor, etc. Porrúa,
Fecha de publicación, distribución, etc. 1985.
300 ## - DESCRIPCIÓN FÍSICA
Extensión 497 p.
440 #0 - MENCIÓN DE SERIE/ASIENTO SECUNDARIO--TÍTULO
Título Sepan cuantos ;
Designación de volumen o secuencia 360
500 ## - NOTA GENERAL
Nota general Biografía de Rabelais p. ix-lviii
650 #0 - ASIENTO SECUNDARIO DE MATERIA - TERMINO TEMATICO
Término de materia o nombre geográfico como elemento de entrada Literatura francesa
9 (RLIN) 5152
905 ## - TIPO DE MATERIAL
Tipo de material Libro
Holdings
Estado de retiro Estado de pérdida Fuente del sistema de clasificación o colocación Estado dañado No para préstamo Código de colección Localización permanente Ubicación/localización actual Ubicación en estantería Total de préstamos Clasificación Código de barras Fecha visto por última vez Número de copia Tipo de ítem Koha
    Library of Congress Classification     Colección General Bib. Gregorio Torres Quintero Bib. Gregorio Torres Quintero Planta baja 19 PQ1682 B8.6 1985 76801 31/12/2020 1 Libro